[Event "Vizag GM Open"]
[Site "Visakhapatnam IND"]
[Date "2011.11.26"]
[Round "5"]
[White "Singh,DP"]
[Black "Danielsen,Hen"]
[Result "1/2-1/2"]
[WhiteElo "2329"]
[BlackElo "2542"]

1.d4 Nf6 2.c4 e6 3.Nf3 Bb4+ 4.Nbd2 b6 5.e3 Bb7 6.Bd3 O-O 7.O-O d5 8.b3 Nbd7
9.Bb2 Ne4 10.Qe2 f5 11.Rad1 Qe7 12.Nb1 a5 13.c5 bxc5 14.a3 c4 15.bxc4 dxc4
16.Bxc4 Bd6 17.Ne5 Bxe5 18.dxe5 Nb6 19.Bb5 c6 20.Bd3 Nc5 21.Rfe1 Nxd3 22.Qxd3 Nd5
23.Rc1 c5 24.Nd2 Rfd8 25.Qc2 Rac8 26.Nc4 Ba8 27.f3 Qg5 28.Qf2 a4 29.Rc2 Rc7
30.Bc1 Qe7 31.e4 fxe4 32.fxe4 Rf8 33.Qg3 Nb4 34.axb4 cxb4 35.Bg5 Qc5+ 36.Be3 Qe7
37.Bg5 Qc5+ 38.Be3 Qe7 39.Bg5  1/2-1/2

[Event "TCh-HUN 2011-12"]
[Site "Komarom HUN"]
[Date "2011.11.27"]
[Round "4"]
[White "Kerek,C"]
[Black "Fodor,T jr"]
[Result "1/2-1/2"]
[WhiteElo "2348"]
[BlackElo "2476"]

1.d4 Nf6 2.c4 e6 3.Nf3 Bb4+ 4.Nbd2 O-O 5.g3 d5 6.Qc2 Be7 7.Bg2 Nbd7 8.O-O c6
9.Rd1 Re8 10.e4 Nf8 11.e5 N6d7 12.b3 a5 13.c5 b6 14.cxb6 Qxb6 15.Bb2 Ba6
16.Nb1 Rec8 17.Nc3 c5 18.Na4 Qb8 19.Qd2 Ng6 20.h4 h6 21.h5 Ngf8 22.Ba3 Bb5
23.Rdc1 Bxa4 24.bxa4 Nb6 25.Bf1 Qa7 26.Bxc5 Bxc5 27.dxc5 Nxa4 28.Qd4 Nxc5
29.Rc3 Rc7 30.Rac1 Rac8 31.a4 Nh7 32.Nd2 Ng5 33.Bg2 Nxa4 34.Qxa7 Nxc3 35.Rxc3 Rxc3
36.Qxa5 Rc1+ 37.Kh2 R8c2 38.Nb3 Rb1 39.Nc5 Rb8 40.Nd3 Ne4 41.Qa7 Rbc8 42.Bxe4 dxe4
43.Nf4 R2c5 44.Qb7 Rc2 45.Kh3 Rd8 46.Qa7 Rc3 47.Ng2 Rf3 48.Nf4 Rc3 49.Kh4 Rb3
50.Kg4 Rb5 51.Qc7 Rf8 52.Ng2 Rb4 53.Ne3 Rb2 54.Nd1 Rd2 55.Nc3 Rxf2 56.Nxe4 Ra2
57.Qc4 Ra5 58.Kf4 Rfa8 59.g4 Ra4 60.Qc5 R4a5 61.Qe7 R5a7 62.Qh4 Ra4 63.Qe7  1/2-1/2

[Event "CCSCSL Invitational"]
[Site "Saint Louis USA"]
[Date "2011.12.01"]
[Round "4.3"]
[White "Kacheishvili,G"]
[Black "Shahade,G"]
[Result "1-0"]
[WhiteElo "2590"]
[BlackElo "2459"]

1.d4 Nf6 2.c4 e6 3.Nf3 Bb4+ 4.Nbd2 O-O 5.a3 Be7 6.e4 d5 7.e5 Nfd7 8.Bd3 c5
9.h4 h6 10.Bb1 Re8 11.dxc5 Bxc5 12.Qc2 Nf8 13.cxd5 Qxd5 14.Ne4 Be7 15.Bxh6 gxh6
16.Rh3 Qa5+ 17.b4 Bxb4+ 18.axb4 Qxb4+ 19.Kf1 Nbd7 20.Rg3+ Kh8 21.Qc1 Nh7
22.Qxh6 Rg8 23.Qxh7+ Kxh7 24.Nf6+ Kh6 25.Nxg8+ Kh5 26.Rg5+  1-0

[Event "78th ch-BRA"]
[Site "Campinas BRA"]
[Date "2011.12.13"]
[Round "4"]
[White "Di Berardino,D"]
[Black "Jatoba de Oliveira Reis,P"]
[Result "1-0"]
[WhiteElo "2491"]
[BlackElo "2438"]

1.d4 e6 2.c4 Nf6 3.Nf3 Bb4+ 4.Nbd2 b6 5.a3 Bxd2+ 6.Qxd2 Bb7 7.e3 O-O 8.Be2 Ne4
9.Qc2 f5 10.O-O Rf6 11.b4 Rg6 12.Bb2 d6 13.d5 Nd7 14.Rad1 c5 15.dxc6 Bxc6
16.c5 bxc5 17.bxc5 Ndxc5 18.Rd4 Qe7 19.Rfd1 a5 20.Ba1 Rf8 21.Qc4 Rb8 22.Rxd6 Nxd6
23.Qxc5 Bd5 24.Be5 Rd8 25.Bg3 Qb7 26.Ne5 Ne4 27.Qd4 Nxg3 28.hxg3 Rf6 29.g4 Rc8
30.gxf5 Rxf5 31.Bg4 Rff8 32.e4 Ba2 33.Rd2 Rc1+ 34.Kh2 Bb3 35.Rb2  1-0

[Event "Cracovia Open A"]
[Site "Krakow POL"]
[Date "2011.12.27"]
[Round "1.5"]
[White "Malaniuk,V"]
[Black "Marie,M"]
[Result "1/2-1/2"]
[WhiteElo "2504"]
[BlackElo "2202"]

1.d4 Nf6 2.Nf3 e6 3.c4 Bb4+ 4.Nbd2 b6 5.a3 Bxd2+ 6.Bxd2 Bb7 7.Bg5 h6 8.Bh4 d6
9.e3 Nbd7 10.Nd2 Qe7 11.Be2 g5 12.Bf3 d5 13.Bg3 e5 14.cxd5 e4 15.Bg4 Nxg4
16.Qxg4 Bxd5 17.h4 O-O-O 18.Rc1 c6 19.Nb1 Kb7 20.Nc3 Nf6 21.Qf5 Be6 22.Qe5 Ng4
23.Qxe4 f5 24.Qf3 f4 25.exf4 Bc4+ 26.Ne2 Rxd4 27.Rc2 Rhd8 28.O-O Rd1 29.Rc1 Rxf1+
30.Kxf1 Rd2 31.Kg1 Qxe2 32.fxg5 Rc2 33.Rd1 hxg5 34.hxg5 Bd5 35.Rc1 Bc4 36.Rd1 Bd5
37.Qxe2 Rxe2 38.b4 Ne3 39.Rd4 Nf5 40.Rd3 Re6 41.Bf4 Nh4 42.f3 Re2 43.Rd2 Rxd2
44.Bxd2 Bxf3 45.Be1 Nxg2 46.Bg3 Bd5 47.Kf2 Ka6 48.g6 Kb5 49.g7 Ka4 50.g8=Q Bxg8
51.Kxg2 Kxa3 52.Bd6 Kb2 53.Kf2 a5 54.bxa5 bxa5 55.Ke3 a4 56.Be5+ Kc2 57.Bd6 Bh7
58.Be7 Bf5 59.Bf8 Kc3 60.Be7 Kb3 61.Kd2 a3 62.Bf6 Ka2 63.Kc1 c5 64.Be7 c4
65.Bf6 Kb3 66.Kd2 Kb4 67.Ke1  1/2-1/2

[Event "XLI Rilton Cup 2011-12"]
[Site "Stockholm SWE"]
[Date "2011.12.28"]
[Round "2"]
[White "Ask,J"]
[Black "Cramling,P"]
[Result "1/2-1/2"]
[WhiteElo "2207"]
[BlackElo "2495"]

1.d4 Nf6 2.Nf3 e6 3.c4 Bb4+ 4.Nbd2 O-O 5.e3 b6 6.Bd3 Bb7 7.O-O c5 8.Qc2 cxd4
9.exd4 d5 10.b3 Nbd7 11.Bb2 Rc8 12.Rac1 Rc7 13.a3 Bd6 14.Ne5 dxc4 15.bxc4 Qe7
16.Nxd7 Rxd7 17.Qa4 Bf4 18.Rcd1 Rfd8 19.Rfe1 Ng4 20.g3 Qf6 21.Re2 Bxd2 22.Rdxd2 Bf3
23.d5 Qh6 24.h4 Bxe2 25.Rxe2 Nf6 26.Qc6 exd5 27.cxd5 Rxd5 28.Bc4 Rc5 29.Bxf7+ Kxf7
30.Qe6+ Kg6 31.Bxf6 gxf6 32.Qg4+ Kf7 33.Qe6+ Kg6 34.Qg4+ Rg5 35.Qe4+ Rf5
36.Qg4+ Rg5 37.Qe4+ Rf5 38.Qg4+ Rg5 39.Qe4+  1/2-1/2

[Event "48th Groningen Open A"]
[Site "Groningen NED"]
[Date "2011.12.30"]
[Round "9.13"]
[White "Firat,B"]
[Black "Van Overdam,Jul"]
[Result "1/2-1/2"]
[WhiteElo "2393"]
[BlackElo "2244"]

1.d4 Nf6 2.Nf3 e6 3.c4 Bb4+ 4.Nbd2 d5 5.e3 O-O 6.Be2 Nbd7 7.O-O Be7 8.b3 c5
9.Bb2 cxd4 10.Nxd4 Nc5 11.N2f3 Qb6 12.Rc1 Bd7 13.Ne5 Rfd8 14.cxd5 Nxd5 15.Nxd7 Rxd7
16.Bb5 Rdd8 17.Qe2 Bf6 18.Rfd1 Rac8 19.Bc4 a6 20.Qg4 Nd7 21.Bf1 Ne5 22.Qe4 Rxc1
23.Rxc1 Nc6 24.Rd1 Ndb4 25.a3 Nxd4 26.axb4 Ne2+ 27.Bxe2 Rxd1+ 28.Bxd1 Bxb2
29.Bf3 a5 30.bxa5 Qxa5 31.g3 b6 32.h4 Ba3 33.h5 Bf8 34.Kg2 Qb4 35.Qd3 Qd6
36.Qe4 Qb4 37.Qd3 Qd6 38.Qe4  1/2-1/2

[Event "XLI Rilton Cup 2011-12"]
[Site "Stockholm SWE"]
[Date "2012.01.02"]
[Round "6"]
[White "Kenneskog,Theodor"]
[Black "Cramling,P"]
[Result "1/2-1/2"]
[WhiteElo "2123"]
[BlackElo "2495"]

1.d4 Nf6 2.c4 e6 3.Nf3 Bb4+ 4.Nbd2 O-O 5.a3 Be7 6.e4 d5 7.e5 Nfd7 8.b4 a5
9.b5 c5 10.Bb2 b6 11.cxd5 exd5 12.Bd3 Re8 13.O-O Nf8 14.Re1 Nbd7 15.Nf1 Bb7
16.Ne3 Ne6 17.Bf1 Bf8 18.g3 cxd4 19.Nf5 Ndc5 20.N3xd4 Nxd4 21.Nxd4 Qd7 22.Bg2 Rad8
23.Rc1 a4 24.f4 Ne4 25.Qxa4 Ra8 26.Qd1 Bxa3 27.Bxa3 Rxa3 28.Bxe4 dxe4 29.Nc6 Rd3
30.Qe2 Bxc6 31.bxc6 Qd4+ 32.Kh1 e3 33.c7 Rc3 34.Qg4 Qe4+ 35.Kg1 Qc6 36.Rxc3 Qxc3
37.Qe2 Qxc7 38.Qxe3 g6 39.Rc1 Qb7 40.Rb1 Re6 41.h4 h5 42.Qd3 Qc7 43.Rd1 Kg7
44.Qd7 Qc3 45.Qd3 Qa5 46.Qd2 Qa6 47.Qd7 b5 48.Rd6 Qa1+ 49.Kf2 Qb2+ 50.Kf3 Qc3+
51.Rd3 Qc4 52.Rd6 Qf1+ 53.Ke3 Qe1+ 54.Kf3 Qf1+ 55.Ke3 Qe1+ 56.Kf3 Qf1+  1/2-1/2

[Event "ITT Homenaje Maestros Predecesore"]
[Site "Asuncion PAR"]
[Date "2012.01.14"]
[Round "6.3"]
[White "Latorre,Man"]
[Black "Espinoza Palomino,W"]
[Result "1/2-1/2"]
[WhiteElo "2299"]
[BlackElo "2361"]

1.d4 Nf6 2.c4 e6 3.Nf3 Bb4+ 4.Nbd2 O-O 5.e3 d5 6.a3 Be7 7.b4 a5 8.b5 c5 9.bxc6 Nxc6
10.Bd3 Bd6 11.Bb2 Qe7 12.Qc2 h6 13.O-O Bd7 14.Ne5 Rac8 15.Qd1 Be8 16.cxd5 Nxd5
17.Ne4 f5  1/2-1/2

[Event "11th Prague Open A"]
[Site "Prague CZE"]
[Date "2012.01.14"]
[Round "2"]
[White "Sodoma,J"]
[Black "Baciu,D"]
[Result "1/2-1/2"]
[WhiteElo "2394"]
[BlackElo "2206"]

1.d4 Nf6 2.c4 e6 3.Nf3 Bb4+ 4.Nbd2 b6 5.g3 Bb7 6.Bg2 O-O 7.O-O d5 8.Ne5 Nbd7
9.Qc2 Bd6 10.cxd5 exd5 11.Ndf3 Ne4 12.Bf4 c5 13.Rad1 Nxe5 14.dxe5 Bc7 15.Nd2 Ng5
16.Qf5 h6 17.Ne4 Bc8 18.Bxg5 Bxf5 19.Bxd8 Raxd8 20.Nc3 d4 21.Nd5 Rd7 22.e4 dxe3
23.Nxe3 Rxd1 24.Rxd1 Be6 25.f4  1/2-1/2

[Event "37th Seville Open"]
[Site "Seville ESP"]
[Date "2012.01.14"]
[Round "8"]
[White "Lasinskas,P"]
[Black "Melero Fidalgo,J"]
[Result "0-1"]
[WhiteElo "2138"]
[BlackElo "2251"]

1.d4 Nf6 2.Nf3 e6 3.c4 Bb4+ 4.Nbd2 b6 5.a3 Bxd2+ 6.Bxd2 h6 7.e3 Bb7 8.Bd3 d6
9.Qc2 Nbd7 10.O-O O-O 11.b4 c5 12.dxc5 bxc5 13.Bc3 Re8 14.Rfd1 Qe7 15.Rd2 Rac8
16.Rad1 Bxf3 17.gxf3 cxb4 18.Bxb4 Nc5 19.Bf1 Red8 20.Qb2 Qc7 21.Qa2 Rb8 22.Bc3 Ne8
23.Bg2 Rdc8 24.Bf1 Na4 25.Bd4 Qa5 26.Rd3 e5 27.Ba1 Nb6 28.Rb1 Rb7 29.Rdb3 Qc5
30.a4 Re7 31.Rb5 Qc6 32.e4 Nc7 33.a5 Nd7 34.Rb7 a6 35.Ra7 Ne6 36.Bc3 Rc7
37.Rxc7 Qxc7 38.Rb2 Ndc5 39.Rb6 Ng5 40.Bg2 Re6 41.Bd2 Rg6 42.Kf1 Qe7 43.Be3 Nge6
44.Rb8+ Kh7 45.Bh3 Rf6 46.Ke2 Nd4+ 47.Bxd4 exd4 48.Qb2 Qe5 49.Qb6 Rf4 50.Kd1 Nxe4
51.Qb1 Rxf3 52.Bg2 Qf4 53.Rb2 f5 54.Ke1 Rxf2 55.Qa2 Qc1+  0-1

[Event "11th Prague Open A"]
[Site "Prague CZE"]
[Date "2012.01.17"]
[Round "5"]
[White "Lindsoe,F"]
[Black "Pochinkov,A"]
[Result "1-0"]
[WhiteElo "2045"]
[BlackElo "2181"]

1.Nf3 Nf6 2.d4 e6 3.c4 Bb4+ 4.Nbd2 c5 5.e3 Nc6 6.Bd3 d6 7.a3 Bxd2+ 8.Bxd2 e5
9.d5 Ne7 10.Qc2 O-O 11.h3 g6 12.g4 Ne8 13.e4 Kg7 14.Nh2 Ng8 15.O-O-O Bd7
16.f4 f6 17.f5 b5 18.h4 bxc4 19.Bxc4 Qb6 20.Nf3 Rb8 21.Bc3 Nc7 22.g5 gxf5
23.gxf6+ Rxf6 24.Rhg1+ Kf8 25.Bxe5 dxe5 26.d6 Ne6 27.exf5 Ng7 28.Qg2 Qxb2+
29.Qxb2 Rxb2 30.Kxb2 Rxf5 31.Rdf1 e4 32.Ne5 Nf6 33.Nxd7+ Nxd7 34.Rxf5+  1-0

[Event "20th Fajr Open"]
[Site "Tabriz IRI"]
[Date "2012.01.19"]
[Round "10.9"]
[White "Sulashvili,M"]
[Black "Mojaverian,H"]
[Result "1-0"]
[WhiteElo "2441"]
[BlackElo "2141"]

1.Nf3 Nf6 2.c4 e6 3.d4 Bb4+ 4.Nbd2 b6 5.a3 Bxd2+ 6.Qxd2 Bb7 7.e3 d6 8.Be2 Nbd7
9.O-O O-O 10.Qc2 Ne4 11.Nd2 f5 12.f3 Nxd2 13.Bxd2 Qg5 14.b4 Rf6 15.Rad1 Rh6
16.g3 Rg6 17.c5 bxc5 18.dxc5 dxc5 19.Bc1 Nf6 20.Qxc5 Nh5 21.Qe5 Re8 22.Rd4 Qh6
23.Rh4 Qg5 24.Kf2 Nf6 25.e4 Nd7 26.Qxc7 Qd8 27.Qxb7 Ne5 28.Rd1 Qf6 29.Bb2  1-0

[Event "Gibraltar Open"]
[Site "Caleta ENG"]
[Date "2012.01.25"]
[Round "2.39"]
[White "Khurtsidze,N"]
[Black "Tabatt,H"]
[Result "1-0"]
[WhiteElo "2444"]
[BlackElo "2281"]

1.d4 Nf6 2.Nf3 e6 3.c4 Bb4+ 4.Nbd2 d5 5.e3 O-O 6.a3 Be7 7.Bd3 b6 8.O-O Bb7
9.Qc2 c5 10.b3 dxc4 11.bxc4 Nbd7 12.Bb2 Qc7 13.Ne5 Rad8 14.f4 g6 15.Ndf3 Nxe5
16.fxe5 Ng4 17.Rae1 Qd7 18.Be4 f5 19.exf6 Bxf6 20.h3 Nh6 21.g4 Bxe4 22.Qxe4 Nf7
23.Rd1 Nd6 24.Qc2 Qc7 25.Ne5 cxd4 26.Bxd4 Nb5 27.Rxf6 Rxf6 28.Bb2 Rff8 29.Rc1 Qc5
30.Qb3 Nc7 31.Qc3 Qa5 32.Qxa5 bxa5 33.Bc3 Na6 34.Bxa5 Rd6 35.Bc3 Rc8 36.g5 Nc5
37.Ng4 Ne4 38.Be5 Rd7 39.h4 h5 40.gxh6 Rf7 41.Rd1 Kh7 42.Rd4 Nc3 43.Kg2 Ne2
44.Rd2 Rxc4 45.Nf6+ Kxh6 46.Rxe2 Rxh4 47.Rf2 g5 48.Bg3 Ra4 49.Be5 Rxa3 50.Ng4+ Kg6
51.Rb2 Rd7 52.Rb8 Kf5 53.Bb2 Ra4 54.Kf3 Rc7 55.Rf8+ Kg6 56.Rf6+  1-0

[Event "Moscow Open 2012 A"]
[Site "Moscow RUS"]
[Date "2012.01.28"]
[Round "1.34"]
[White "Chadaev,N"]
[Black "Gerasimov,I"]
[Result "1-0"]
[WhiteElo "2556"]
[BlackElo "2333"]

1.Nf3 Nf6 2.c4 e6 3.d4 Bb4+ 4.Nbd2 b6 5.a3 Bxd2+ 6.Bxd2 Ne4 7.Be3 Bb7 8.g3 a5
9.Bg2 a4 10.O-O O-O 11.Qc2 Ra7 12.Rfd1 d5 13.Rac1 dxc4 14.Qxc4 Bd5 15.Qd3 h6
16.Ne5 Nf6 17.Bxd5 Qxd5 18.f3 Rd8 19.Bf2 Nfd7 20.Nc4 b5 21.Ne3 Qb7 22.d5 Nf6
23.Qc3 exd5 24.Nf5 Ra6 25.Qxc7 Qxc7 26.Rxc7  1-0

[Event "ch-TUR 2012"]
[Site "Kemer TUR"]
[Date "2012.01.29"]
[Round "2"]
[White "Haznedaroglu,K"]
[Black "Ozveren,A"]
[Result "1-0"]
[WhiteElo "2455"]
[BlackElo "1933"]

1.d4 Nf6 2.c4 e6 3.Nf3 Bb4+ 4.Nbd2 d5 5.e3 c5 6.cxd5 exd5 7.a3 Bxd2+ 8.Bxd2 c4
9.b3 cxb3 10.Qxb3 O-O 11.Bd3 Nc6 12.O-O Ne4 13.Be1 Re8 14.Rc1 Re6 15.Nd2 Rh6
16.Bxe4 Qh4 17.h3 dxe4 18.f3 Qh5 19.Rc5 Qg6 20.Nxe4 Bxh3 21.Rg5 Bxg2 22.Kxg2 Qe6
23.Qxe6 fxe6 24.Bg3 Ne7 25.Rc1 Nd5 26.Kf2 Rf8 27.Bd6 Rd8 28.Be5 Rd7 29.Rc8+ Kf7
30.Rxg7+  1-0

[Event "ch-TUR w 2012"]
[Site "Kemer TUR"]
[Date "2012.01.29"]
[Round "2"]
[White "Ozturk,Ku"]
[Black "Firat,Deniz"]
[Result "1-0"]
[WhiteElo "2309"]
[BlackElo "1632"]

1.d4 Nf6 2.c4 e6 3.Nf3 Bb4+ 4.Nbd2 b6 5.g3 Bb7 6.Bg2 O-O 7.O-O Bxd2 8.Bxd2 d6
9.b4 c5 10.bxc5 bxc5 11.Qb3 Qb6 12.dxc5 dxc5 13.Rfb1 Nbd7 14.Qc3 Qa6 15.Be3 Bc6
16.Rb3 Rfb8 17.Bf4 Rb7 18.Rab1 Nb6 19.Ne5 Bxg2 20.Kxg2 Re7 21.Qf3 Rc8 22.Nc6 Ree8
23.Ra3 Qxc4 24.Nxa7 Nbd5 25.Nxc8 Rxc8 26.Rb8 Rxb8 27.Bxb8 h6 28.Be5 Qe4 29.Bxf6 Qxf3+
30.Kxf3 gxf6 31.Ra8+ Kg7 32.Rc8 Nc3 33.Rxc5 Nxa2 34.Rc4 f5 35.Ke3  1-0

[Event "Moscow Open 2012 A"]
[Site "Moscow RUS"]
[Date "2012.01.30"]
[Round "3.66"]
[White "Deviatkin,A"]
[Black "Tregubov,An"]
[Result "1/2-1/2"]
[WhiteElo "2574"]
[BlackElo "2344"]

1.d4 Nf6 2.c4 e6 3.Nf3 Bb4+ 4.Nbd2 c5 5.g3 cxd4 6.a3 Be7 7.Bg2 d3 8.exd3 d5
9.O-O O-O 10.b4 a5 11.b5 Nbd7 12.Bb2 b6 13.Nd4 Bb7 14.Nc6 Bxc6 15.bxc6 Nc5
16.d4 Na6 17.Qe2 Nc7 18.f4 Re8 19.Qd3 b5 20.c5 Ra6 21.Bc3 Qa8 22.f5 Qxc6
23.Rae1 b4 24.axb4 axb4 25.Bxb4 Ra4 26.Rb1 e5 27.dxe5 Rxb4 28.Rxb4 Bxc5+
29.Rd4 Rxe5 30.Kh1 Bxd4 31.Qxd4 Re8 32.g4 Nb5 33.Qf4 h6 34.h4 Qc3 35.Nf3 d4
36.g5 Nd5 37.Qg3 Ne3 38.gxh6 Nxf5 39.Qg5 Nbd6 40.Rc1 Qe3 41.Re1 Qxg5 42.Rxe8+ Nxe8
43.hxg5 gxh6 44.gxh6 Ned6 45.Kg1 Kh7 46.Kf2 Kxh6 47.Ke2 Kh5 48.Kd3 Nh4 49.Nxh4  1/2-1/2

[Event "Gibraltar Open"]
[Site "Caleta ENG"]
[Date "2012.01.31"]
[Round "8.20"]
[White "Lupulescu,C"]
[Black "Womacka,M"]
[Result "0-1"]
[WhiteElo "2648"]
[BlackElo "2455"]

1.d4 Nf6 2.c4 e6 3.Nf3 Bb4+ 4.Nbd2 O-O 5.a3 Be7 6.e3 b6 7.Bd3 c5 8.d5 exd5
9.cxd5 Nxd5 10.Be4 Bb7 11.Qb3 c4 12.Nxc4 Na6 13.Qd1 Nc3 14.Bxh7+ Kxh7 15.bxc3 Nc5
16.Nce5 Ba6 17.c4 Rc8 18.Qc2+ Kg8 19.h4 d5 20.Ng5 Ne4 21.Nxe4 dxe4 22.Bb2 Bf6
23.Rd1 Qe7 24.Rd5 Qe6 25.Qd1 Rfd8 26.O-O Bxc4  0-1

[Event "Moscow Open Women 2012"]
[Site "Moscow RUS"]
[Date "2012.02.02"]
[Round "6"]
[White "Sukhareva,E"]
[Black "Kovanova,B"]
[Result "0-1"]
[WhiteElo "2212"]
[BlackElo "2383"]

1.d4 Nf6 2.c4 e6 3.Nf3 Bb4+ 4.Nbd2 b6 5.e3 Bb7 6.Bd3 O-O 7.O-O Bxd2 8.Nxd2 d6
9.b3 Nbd7 10.Bb2 c5 11.dxc5 Nxc5 12.Bc2 a5 13.Qe2 Qe7 14.Rad1 e5 15.Nb1 d5
16.Nc3 dxc4 17.bxc4 e4 18.Nb5 Rad8 19.Rd4 Ne6 20.Rxd8 Rxd8 21.Rd1 Nd7 22.Nd6 Ndc5
23.Nf5 Rxd1+ 24.Qxd1 Qg5 25.Ng3 Qd8 26.Qe2 Nd3 27.Bc3 Nc1 28.Qd2 Nd3 29.f3 Ba6
30.Nxe4 Bxc4 31.a3 Qd5 32.Qd1 f5 33.Nd2 b5 34.Bxa5 Qc5 35.Nxc4 bxc4 36.Qd2 f4
37.Bxd3 fxe3 38.Qb4 cxd3 39.Qxc5 Nxc5 40.Kf1 Na4 41.Ke1 Kf7 42.Kd1 Ke6 43.Kc1 Kd5
44.Bb4 Kc4 45.Ba5 Nc3  0-1

[Event "TCh-ISR 2011-12"]
[Site "Israel ISR"]
[Date "2012.02.03"]
[Round "7.6"]
[White "Egozi,N"]
[Black "Gilboa,A"]
[Result "1-0"]
[WhiteElo "2173"]
[BlackElo "2236"]

1.d4 Nf6 2.c4 e6 3.Nf3 Bb4+ 4.Nbd2 b6 5.e3 Bb7 6.Bd3 O-O 7.O-O c5 8.a3 Bxd2
9.Bxd2 Be4 10.Bc3 d6 11.Ng5 Bxd3 12.Qxd3 Nbd7 13.Rad1 Qe7 14.dxc5 dxc5 15.Nxh7 Nxh7
16.Qxd7 Rfe8 17.Qxe7 Rxe7 18.Rd6 f6 19.Rfd1 Kf7 20.a4 Nf8 21.a5 Rb8 22.Rc6 Ke8
23.axb6 axb6 24.h4 Rd7 25.Ra1 Rdb7 26.Rd6 Ke7 27.Rd2 Ng6 28.g3 Nh8 29.f3 Nf7
30.Rad1 Ra8 31.Rd3 Ra4 32.b3 Ra3 33.Ra1 Rxa1+ 34.Bxa1 Ra7 35.Bc3 Ne5 36.Bxe5 fxe5
37.Kg2 Ra2+ 38.Kh3 Rb2 39.Kg4 Kf6 40.Kh5 e4 41.fxe4 Rg2 42.Kg4 Rb2 43.h5 g6
44.hxg6 Kxg6 45.e5 Rb1 46.e4 Re1 47.Kf4 Rf1+ 48.Rf3 Re1 49.Rd3 Rf1+ 50.Ke3 Re1+
51.Kf3 Rb1 52.Ke2 Rb2+ 53.Kd1 Kf7 54.Kc1 Re2 55.Rd7+ Kf8 56.Rd6 Rxe4 57.Rxe6 b5
58.cxb5 c4 59.bxc4 Rxc4+ 60.Kd2 Rb4 61.b6 Rb5 62.Kc3 Kf7 63.Kc4  1-0

[Event "Moscow Open 2012 A"]
[Site "Moscow RUS"]
[Date "2012.02.03"]
[Round "7.43"]
[White "Deepan,C"]
[Black "Gerasimov,I"]
[Result "1/2-1/2"]
[WhiteElo "2495"]
[BlackElo "2333"]

1.d4 Nf6 2.c4 e6 3.Nf3 Bb4+ 4.Nbd2 b6 5.a3 Bxd2+ 6.Qxd2 Bb7 7.e3 d6 8.Be2 O-O
9.O-O Nbd7 10.b4 Ne4 11.Qc2 f5 12.Bb2 Rf6 13.d5 Rg6 14.Nd4 Qg5 15.g3 exd5
16.cxd5 Bxd5 17.Bc4 Bxc4 18.Qxc4+ Kh8 19.Qc6 Rd8 20.Qxc7 Ne5 21.f4 Qxg3+
22.hxg3 Rxg3+ 23.Kh1 Rh3+ 24.Kg2 Rg3+ 25.Kh1 Rh3+ 26.Kg2  1/2-1/2

[Event "Moscow Open 2012 A"]
[Site "Moscow RUS"]
[Date "2012.02.03"]
[Round "7.71"]
[White "Shchukin,D"]
[Black "Faizrakhmanov,Ramil"]
[Result "1-0"]
[WhiteElo "2355"]
[BlackElo "2190"]

1.d4 Nf6 2.c4 e6 3.Nf3 Bb4+ 4.Nbd2 O-O 5.a3 Be7 6.g3 d5 7.Bg2 b6 8.O-O Bb7
9.cxd5 exd5 10.b4 Nbd7 11.Rb1 a5 12.Ne5 Nxe5 13.dxe5 Ne4 14.Nxe4 dxe4 15.Qc2 axb4
16.axb4 Qd7 17.b5 Bc5 18.Bxe4 Bxe4 19.Qxe4 Ra5 20.Bf4 Rxb5 21.e6 fxe6 22.Rxb5 Qxb5
23.Qxe6+ Kh8 24.e3 c6 25.Rd1 Qa4 26.Rd7 Rg8 27.Rxg7 Qa1+ 28.Kg2 Rxg7 29.Qe8+ Bf8
30.Qxf8+ Rg8 31.Qe7  1-0

[Event "Moscow Open Women 2012"]
[Site "Moscow RUS"]
[Date "2012.02.04"]
[Round "8.10"]
[White "Manakova,M"]
[Black "Khazieva,E"]
[Result "1-0"]
[WhiteElo "2319"]
[BlackElo "2035"]

1.d4 Nf6 2.c4 e6 3.Nf3 Bb4+ 4.Nbd2 d5 5.g3 O-O 6.Bg2 c5 7.O-O Nc6 8.cxd5 Nxd5
9.a3 Bxd2 10.Qxd2 cxd4 11.Nxd4 Nce7 12.b4 e5 13.Nb3 Nb6 14.Na5 Qxd2 15.Bxd2 Nbd5
16.Rfd1 Rd8 17.Bc3 b6 18.Nc6 Nxc6 19.Bxd5 Bb7 20.Bxe5 Nxe5 21.Bxb7 Rab8 22.Bd5 Rbc8
23.Rac1 g6 24.Rxc8 Rxc8 25.f4 Ng4 26.Bf3 Ne3 27.Rd3 Rc1+ 28.Kf2 Nc4 29.Rd8+ Kg7
30.Rc8 b5 31.Rc7 Ra1 32.Bd5 Nb6 33.Rxf7+ Kh8 34.Be6 Rxa3 35.g4 Ra4 36.g5 Rxb4
37.Rf8+  1-0

[Event "TCh-CAT 2012"]
[Site "Catalunya ESP"]
[Date "2012.02.18"]
[Round "4.6"]
[White "Alexandrova,O"]
[Black "Khamrakulov,I"]
[Result "1/2-1/2"]
[WhiteElo "2419"]
[BlackElo "2519"]

1.d4 Nf6 2.c4 e6 3.Nf3 Bb4+ 4.Nbd2 c5 5.a3 Bxd2+ 6.Bxd2 cxd4 7.Nxd4 Nc6 8.e3 O-O
9.Bd3 d5 10.Nxc6 bxc6 11.Bc3 Re8 12.O-O e5 13.cxd5 cxd5 14.Qa4 Bd7 15.Qa5 Qxa5
16.Bxa5 Rab8 17.b4 Bb5 18.Bxb5 Rxb5 19.a4 Rb7 20.b5 d4 21.exd4 exd4 22.Rfe1 Rxe1+
23.Rxe1 Rd7 24.f3 d3 25.Bc3 Rc7 26.Bxf6 gxf6 27.Re8+ Kg7 28.Rd8 Rc4 29.Rxd3 Rxa4
30.Rd7 a6 31.bxa6  1/2-1/2

[Event "ch-Central Serbia 2012"]
[Site "Pozarevac SRB"]
[Date "2012.02.19"]
[Round "9.24"]
[White "Njegic,Vladimir"]
[Black "Kostic,Tomislav"]
[Result "1/2-1/2"]
[WhiteElo "2114"]
[BlackElo "1813"]

1.d4 Nf6 2.Nf3 e6 3.c4 Bb4+ 4.Nbd2 O-O 5.g3 b6 6.Bg2 Bb7 7.Qc2 d5 8.Ne5 Nfd7
9.Nd3 Be7 10.cxd5 exd5 11.O-O Re8 12.Nf3 c6 13.Bf4 a5 14.Nfe5  1/2-1/2

[Event "16th Guingamp Open"]
[Site "Guingamp FRA"]
[Date "2012.02.20"]
[Round "4"]
[White "Godart,F"]
[Black "Bouget,A"]
[Result "1-0"]
[WhiteElo "2263"]
[BlackElo "2176"]

1.d4 Nf6 2.c4 e6 3.Nf3 Bb4+ 4.Nbd2 b6 5.a3 Bxd2+ 6.Qxd2 Bb7 7.e3 O-O 8.Be2 Ne4
9.Qc2 f5 10.O-O d6 11.b3 Nd7 12.Bb2 Qe8 13.Nd2 Qg6 14.f3 Nxd2 15.Qxd2 Nf6
16.Bd3 Qg5 17.Rae1 Rae8 18.Qc2 Nh5 19.Bc1 e5 20.dxe5 dxe5 21.c5 e4 22.f4 Qh6
23.Be2 Bd5 24.Rd1 Nf6 25.cxb6 cxb6 26.Rxd5 Nxd5 27.Bc4 Rd8 28.Rd1 Kh8 29.Bxd5 Qd6
30.Bb2 Rd7 31.Rd4 Qc5 32.Qd1 Rc7 33.Qd2 Qc2 34.Bc4 Qb1+ 35.Kf2 h6 36.Rd8 Rc8
37.Rxc8 Rxc8 38.Qd4 Qc2+ 39.Kg3 Rc7 40.Qd8+ Kh7 41.Bg8+  1-0

[Event "ch-POL 2012"]
[Site "Warsaw POL"]
[Date "2012.02.25"]
[Round "8"]
[White "Kempinski,R"]
[Black "Bartel,Mat"]
[Result "1/2-1/2"]
[WhiteElo "2610"]
[BlackElo "2658"]

1.d4 Nf6 2.c4 e6 3.Nf3 Bb4+ 4.Nbd2 O-O 5.a3 Be7 6.e3 b6 7.Bd3 c5 8.b3 Bb7
9.Bb2 cxd4 10.exd4 d5 11.Qe2 Nbd7 12.O-O Rc8 13.Rfd1 Re8 14.Rac1 Bf8 15.h3 dxc4
16.Bxc4 Nd5 17.g3 N7f6 18.Ne5 Nc7 19.b4 b5 20.Bxb5 Nxb5 21.Qxb5 Bd5 22.Rxc8 Qxc8
23.Rc1 Qa8 24.Ndc4 Be4 25.Ne3 Bd6 26.Kh2 h6 27.Qa6 Bxe5 28.dxe5 Bb7 29.Qe2 Bf3
30.Qe1 Ne4 31.Nc4 Rc8 32.Nd6 Rxc1 33.Bxc1 Qd5 34.Bf4 g5 35.Nxe4 Bxe4 36.Bd2 Kh7
37.a4 Kg6 38.a5 a6 39.Bc1 Bf5 40.h4 Qf3 41.Qe3 Qg4 42.hxg5 hxg5  1/2-1/2

[Event "PriFO Champ RUS 2012"]
[Site "Tolyatti RUS"]
[Date "2012.02.29"]
[Round "3.32"]
[White "Zaynutdinov,I"]
[Black "Bulavin,A"]
[Result "0-1"]
[WhiteElo "1994"]
[BlackElo "2237"]

1.d4 Nf6 2.Nf3 e6 3.c4 Bb4+ 4.Nbd2 O-O 5.g3 d6 6.a3 Bxd2+ 7.Bxd2 Ne4 8.Qc2 Nxd2
9.Nxd2 Qf6 10.d5 exd5 11.cxd5 c6 12.dxc6 Nxc6 13.Bg2 Re8 14.e3 Bf5 15.e4 Nd4
16.Qd3 Bg4 17.f3 Bd7 18.a4 b5 19.O-O bxa4 20.Rfd1 Bb5 21.Qb1 Ne2+ 22.Kh1 Nxg3+
23.hxg3 Qh6+ 24.Kg1 Qe3+ 25.Kh2 Re6 26.g4 Qf2 27.g5 Rg6 28.f4 Qxf4+ 29.Kh1 Qh4+
30.Kg1 Qxg5 31.Kf2 Qg3+  0-1

[Event "6th Agzamov Memorial"]
[Site "Tashkent UZB"]
[Date "2012.03.08"]
[Round "3"]
[White "Khoroshev,N"]
[Black "Megaranto,S"]
[Result "1/2-1/2"]
[WhiteElo "2318"]
[BlackElo "2528"]

1.d4 Nf6 2.c4 e6 3.Nf3 Bb4+ 4.Nbd2 b6 5.a3 Bxd2+ 6.Qxd2 Bb7 7.e3 O-O 8.Be2 a5
9.b3 d6 10.Bb2 Nbd7 11.O-O Ne4 12.Qc2 f5 13.d5 e5 14.Nd2 Nxd2 15.Qxd2 Qh4
16.f3 Rf6 17.Qe1 Qh6 18.Qc3 Qh4 19.Qe1 Qh6 20.Qc3 Qh4 21.Qe1  1/2-1/2

[Event "Zagreb Open A"]
[Site "Zagreb CRO"]
[Date "2012.03.10"]
[Round "7.3"]
[White "Jankovic,A"]
[Black "Tratar,M"]
[Result "1/2-1/2"]
[WhiteElo "2553"]
[BlackElo "2499"]

1.d4 e6 2.c4 Bb4+ 3.Nd2 Nf6 4.Nf3 O-O 5.a3 Bxd2+ 6.Qxd2 b6 7.e3 Bb7 8.Be2 d6
9.O-O Nbd7 10.b4 Qe7 11.Bb2 Rfd8 12.Qc2 Be4 13.Qc3 Rac8 14.a4 c5 15.a5 cxd4
16.exd4 b5 17.c5 a6 18.Ng5 Bd5 19.Rfe1 Nb8 20.Bc1 Nc6 21.Bf4 h6 22.Nf3 Ne4
23.Qb2 Qf6 24.Bc1 dxc5 25.bxc5 Ng5 26.Nxg5 hxg5 27.Be3 Qg6 28.Rac1 f6 29.Bf1  1/2-1/2

[Event "TCh-SVK Extraliga 2011-12"]
[Site "Slovakia SVK"]
[Date "2012.03.11"]
[Round "11.1"]
[White "Pacher,M"]
[Black "Stocek,J"]
[Result "0-1"]
[WhiteElo "2403"]
[BlackElo "2600"]

1.d4 Nf6 2.c4 e6 3.Nf3 Bb4+ 4.Nbd2 d5 5.a3 Be7 6.e3 O-O 7.Bd3 c5 8.dxc5 a5
9.O-O Nbd7 10.b3 Nxc5 11.Bc2 b6 12.Bb2 Ba6 13.Ne5 Rc8 14.Qf3 Ncd7 15.Rfd1 Nxe5
16.Bxe5 Nd7 17.Bd4 Bf6 18.Rac1 dxc4 19.Nxc4 Bxc4 20.bxc4 Qe7 21.Qh5 g6 22.Qb5 Bxd4
23.exd4 Rc7 24.a4 Rfc8 25.Bd3 Rc6 26.Bf1 Rd6 27.Rb1 Rd8 28.Rd3 Qf6 29.Rbd1 e5
30.c5 Rxd4 31.c6 Nc5 32.Rxd4 exd4 33.Qxb6 Ne4 34.f3 Nc3 35.Re1 d3 36.Bxd3 Rxd3
37.h3 Rd8 38.Qb7 Qf5 39.g4 Qc5+ 40.Kh1 Qf2  0-1